000 00983nam0a22002531 4500
001 rc\3018071
005 20250806201315.0
035 _a(NLR Aleph) 007160293
090 _a20535
_c20535
100 _a20110926d1944 u y0rusy50 ca
101 0 _arus
102 _aRU
105 _aa z |||||
200 1 _aИнструкция по устройству и применению тросо-спицевой платины
_fСост. Инж. ком-том Красной Армии
_gШтаб инж. войск Красной Армии
210 _aМосква
_cВоен. изд-во
_d1944
215 _a33 с., включ. 1 с. обл.
_cил., черт.
_d16 см
712 0 1 _aСССР
_bИнженерный комитет Красной Армии
_4570
801 0 _aRU
_bNLR
_gpsbo
801 1 _aRU
_bELAR
_2rusmarc
852 _aNLR
_jВ60 Г-2/885
942 _cBOOK
945 _aРоссийская национальная библиотека
980 _aNB
980 _aBV